00335pab a2200121 454500008004000000100002000040245008300060260000900143300001000152362001400162650002400176773001300200180718b1989 xxu||||| |||| 00| 0 eng d aAina, Tade Akin aUrban - rural relations in the context of the democratic transition in Nigeria c1989 a23-41 aJan.-Mar. aDemocracy - Nigeria aNagarlok